Health, safety, and environmental management in offshore and petroleum engineering (Record no. 30763)

MARC details
000 -LEADER
fixed length control field 00730nam a2200181Ia 4500
020 ## - INTERNATIONAL STANDARD BOOK NUMBER
ISBN 9781119221845
050 ## - CALL MARK
Classification number TC 1665 .C45/
100 ## - STATEMENT OF RESPONSIBILITY--MAIN AUTHOR NAME
Personal name Chandrasekaran, Srinivasan
245 #0 - TITLE STATEMENT
Title Health, safety, and environmental management in offshore and petroleum engineering
260 ## - PUBLICATION, DISTRIBUTION, ETC. (IMPRINT)
Place of publication Chichester
260 ## - PUBLICATION, DISTRIBUTION, ETC. (IMPRINT)
Name of publisher Wiley
260 ## - PUBLICATION, DISTRIBUTION, ETC. (IMPRINT)
Year of publication 2016
300 ## - PHYSICAL DESCRIPTION
Number of Pages 236 p
650 ## - SUBJECT ADDED ENTRY--TOPICAL TERM
Topical Term Offshore structures--Safety measures. Offshore structures--Risk assessment. Petroleum engineering--Safety measures. Petroleum engineering--Risk assessment. Petroleum in submerged lands--Environmental aspects. Natural gas in submerged lands--Environmental aspects.
942 ## - ADDED ENTRY ELEMENTS (KOHA)
Koha item type Books
Holdings
Withdrawn status Lost status Source of classification or shelving scheme Damaged status Not for loan Permanent Location Current Location Shelving location Date acquired Accession Number Price effective from Koha item type
    Library of Congress Classification     NILE UNIVERSITY OF NIGERIA - MAIN LIBRARY NILE UNIVERSITY OF NIGERIA - MAIN LIBRARY Items on shelf 04/23/2025 0196442 04/23/2025 Books